| 000 | 02330cad a22002655a 4500 | ||
|---|---|---|---|
| 001 | L146237 | ||
| 008 | 081217s2008 xxk f 000 0 eng d | ||
| 035 | _a(Sirsi) u146237 | ||
| 041 | 0 | _aeng | |
| 050 | 0 | 4 | _a630.09411 $2 18 |
| 110 | 2 |
_aMacaulay Institute _95679 |
|
| 245 | 0 | 0 |
_aBarriers to new entrants to Scottish farming _ban industry consultation for the Tenant Farming Forum _h[electronic resource] |
| 260 |
_a[S.l.] _b[s.n.] _c2008 |
||
| 505 | 2 | _aSummary: report aims; literature review of research into the new entrant issue; consultation document responses; consultation workshops findings; questionnaire survey findings; some key discussion points -- Introduction -- Methods -- Literature review of research into the new entrant issue: introduction; a historical perspective; a policy perspective; the dynamics of farm adjustment with particular reference to entry to and exit from farming; barriers to new entrants; experience outwith Scotland in relation to new entrant succession policies -- Consultation document responses: is there a new entrant problem?; what is the cause of the problem?; where is the problem?; the barriers to new entrants; opportunities for new entrants; solutions; responses in relation to status -- Consultation workshops feedback: workshop profiles; workshop results -- The survey, methodology, results and analysis: introduction; methodology; profile of respondents; access routes into agricultural activity; access routes, barriers and opportunities; comparison of consultation and survey result; commentary -- Conclusions -- References -- Appendices | |
| 520 | _aPresents the results of research into the the potential barriers to new entrants to tenant farming, carried out on behalf of the Tenant Farming Forum (TFF). The research informed the recommendations made by the TFF to the Scottish Government (see E146236). | ||
| 521 | _aAdvanced | ||
| 590 | _aKA | ||
| 651 | 4 |
_aScotland _y1999- |
|
| 690 | _aPROPERTY-LANDLORD AND TENANT-TENANCIES-AGRICULTURAL TENANCIES | ||
| 700 | 1 | _aCook, Peter | |
| 710 | 1 | _aRural Development Council | |
| 710 | 1 |
_aScottish Agricultural College _93388 |
|
| 856 | 4 | 0 |
_uhttps://www.tenantfarmingforum.org.uk/resources/000/244/597/58_final_report_from_contractors.pdf _zView the report free of charge at www.tenantfarmingforum.org.uk |
| 942 | _n0 | ||
| 999 |
_c109083 _d109083 |
||